000 01149cad a22002055a 4500
008 040206s2003 xxk l f000 0 eng u
020 _a0110483987
035 _a(Sirsi) u125084
041 _aeng
245 _aCivil Procedure (Amendment No 5) Rules 2003
_h[electronic resource]
260 _aLondon
_bHMSO
_c2003
490 _aSI
_v2003: 3361
520 _aRules 2,3,6,7,8,11 and 34 come into on 1 February 2004, Rule 9 on 1 March 2004, Rules 4, 10,14-21, 23-29, 32 and 33 on 1 April 2004 and for all other purposes on 1 May 2004. Key provisions include a new Rule 7.12 which allows claims to be started electronically, and Rule 30.8 which requires any proceedings which raise an issue of competition law to be transferred to the Chancery Division. For details of new rules and amendments see Explanatory Note. View at www.hmso.gov.uk/si.
650 _aCIVIL PROCEDURE (AMENDMENT NO 5) RULES 2003
650 _aCIVIL PROCEDURE RULES
650 _aCIVIL PROCEDURE ACT 1997
690 _aLAW-UK
856 4 0 _uhttps://www.legislation.gov.uk/uksi/2003/3361/contents/made
_zView the Rules free of charge at www.legislation.gov.uk
942 _n0
999 _c103333
_d103333